|
|
|
|
| LEADER |
00854ncm a22002412a 4500 |
| 001 |
001241615 |
| 003 |
CZ BrMZK |
| 005 |
20120822131254.0 |
| 007 |
qu |
| 008 |
120822s1961 xr |||||||||||||||||zxx d |
| 040 |
|
|
|a BOA001
|b cze
|
| 072 |
|
7 |
|a 786
|x Hudba pro klávesové nástroje
|2 Konspekt
|9 9
|
| 100 |
1 |
|
|a Schulhoff, Ervín,
|d 1894-1942
|7 jn19990209756
|4 cmp
|
| 245 |
1 |
0 |
|a Sonata, op. 22
|h [hudebnina] :
|b (1918) : pianoforte /
|c Ervín Schulhoff ; rev. di Vlastimil Musil
|
| 260 |
|
|
|a Praha :
|b Panton,
|c 1961
|
| 300 |
|
|
|a 55 s.
|
| 490 |
1 |
|
|a Nová instrumentální tvorba ;
|v sv. 9
|
| 700 |
1 |
|
|a Musil, Vlastimil,
|d 1905-1985
|7 jk01082526
|4 edt
|
| 830 |
|
0 |
|a Nová instrumentální tvorba
|
| 910 |
|
|
|a BOA001
|b Mus4-0467.417
|
| 990 |
|
|
|a MU
|
| 991 |
|
|
|b 201208
|
| 996 |
6 |
|
|b 2619075185
|c Mus4-0467.417
|l MZK
|r Sklad / do 1 hodiny
|n 0
|w 001275605
|u 000010
|a 1
|e BOA001
|j MZK50
|s P
|